Breve historia de la liturgia occidental : una historia al ritmo de la historia de la Iglesia /

Detalles Bibliográficos
Autor principal: Klauser, Theodor, 1894-1984 (Autor)
Formato: Electrónico eBook
Lenguaje:español
alemán
Publicado: Barcelona : Centre de Pastoral Litúrgica, [2014]
Colección:Cuadernos Phase ; 103.
Cuadernos Phase ; 104.
Materias:
Acceso en línea:Digitalia Hispánica

MARC

LEADER 00000nam a2200000Ii 4500
001 DIGULZM0054
003 NyNyDIG
006 m o d
007 cr |||||||||||
008 240108s2014 sp o 000 0 spa d
035 |a (OCoLC)1417821253 
040 |a DGITA  |b eng  |e rda  |e pn  |c DGITA 
020 |z 9788498053791 
041 1 |a spa  |h ger 
050 1 4 |a BX1970 ebook 
100 1 |a Klauser, Theodor,  |d 1894-1984,  |e author. 
240 1 0 |a Kleine abendländische Liturgiegeschichte.  |l Spanish 
245 1 0 |a Breve historia de la liturgia occidental :  |b una historia al ritmo de la historia de la Iglesia /  |c Theodor Klauser. 
264 1 |a Barcelona :  |b Centre de Pastoral Litúrgica,  |c [2014] 
300 |a 1 online resource. 
336 |a text  |b txt  |2 rdacontent 
337 |a computer  |b c  |2 rdamedia 
338 |a online resource  |b cr  |2 rdacarrier 
347 |a text file  |2 rdaft 
347 |b EPUB 
490 1 |a Cuadernos Phase ;  |v 103/104 
588 0 |a Online resource; title from ePub title page (Digitalia, viewed January 8, 2024) 
650 0 |a Catholic Church  |x Liturgy  |x History. 
700 1 |i Translation of:  |a Klauser, Theodor,  |d 1894-1984.  |t Kleine abendländische Liturgiegeschichte. 
791 2 |a Digitalia (Firm),  |e distributor. 
793 0 |g Digitalia eBook Collection:  |a Ulzama 
776 0 8 |i Print version:  |a Klauser, Theodor, 1894-1984.  |s Kleine abendländische Liturgiegeschichte. Spanish.  |t Breve historia de la liturgia occidental.  |d Barcelona : Centre de Pastoral Litúrgica, [2014]  |z 9788498053791 
830 0 |a Cuadernos Phase ;  |v 103. 
830 0 |a Cuadernos Phase ;  |v 104. 
856 4 0 |3 Digitalia Hispánica  |u https://www.digitaliapublishing.com/a/88766/ 
910 |a Premium collection: 2024